Normal view MARC view
  • Umar Hayat Khan Niazi

Entry Personal Name

Number of records used in: 1

001 - CONTROL NUMBER

  • control field: 99083

003 - CONTROL NUMBER IDENTIFIER

  • control field: NUST

005 - DATE AND TIME OF LATEST TRANSACTION

  • control field: 20220930145030.0

008 - FIXED-LENGTH DATA ELEMENTS

  • fixed length control field: 220930|| aca||aabn | a|a d

040 ## - CATALOGING SOURCE

  • Original cataloging agency: NUST
  • Transcribing agency: NUST

100 ## - HEADING--PERSONAL NAME

  • Personal name: Umar Hayat Khan Niazi

670 ## - SOURCE DATA FOUND

  • Source citation: Work cat.: (NUST)10503: Umar Hayat Khan Niazi, Semantic analysis of micro-blogs, 2011.
© 2023 Central Library, National University of Sciences and Technology. All Rights Reserved.